000 00487nmm a2200169Ia 4500
008 251105s9999||||xx |||||||||||||||||und||
020 _a8470303775
041 _aspa
100 _aGascón de Gotor, Antonio
245 0 _aPedro de Luna, el Pontífice que no cedió
264 _a[Madrid, España] :
_bBiblioteca Nueva,
_c1996
300 _a370 páginas
490 _a--Sin Colección
650 _aBiography
856 _uhttps://public.digitaliapublishing.com/a/1989
942 _cCF
999 _c73062
_d73062